01064cam a22003011 4500001001300000003000400013005001700017008004100034010001700075035001900092040004600111042001200157043001200169050002400181051001200205100003600217245006800253260004800321300007400369490005500443500005800498504002500556650003800581650003900619710003600658830005100694999001700745gs 65000314 DLC20260227111417.0780731s1965 dcuab b f000 0 eng c ags 65000314  a(OCoLC)4098590 aU.S. Geol. Survey. Libr.cCLSdOCoLCdDLC apremarc an-us-ut00aTC801b.U2 no. 1794 ccopy 2.1 aMower, R. W.q(Reed W.),d1924-10aGround-water resources of Pavant Valley, Utah,cby R. W. Mower. aWashington,bU.S. Govt. Print. Off.,c1965. av, 78 p.billus. and portfolio (2 fold. illus., 8 fold. maps)c24 cm.1 aGeological Survey (U.S.). Water-supply paperv1794 aPrepared in cooperation with the Utah State Engineer. aBibliography: p. 75. 0aGroundwaterzUtahzPavant Valley. 0aWater-supplyzUtahzPavant Valley.1 aUtah.bState Engineer's Office. 0aWater-supply paper (Washington, D.C.) ;v1794. c30072d30072